| 000 | 00368nam a2200133Ia 4500 | ||
|---|---|---|---|
| 001 | 4397 | ||
| 008 | 241024s9999 xx 000 0 und d | ||
| 082 | _aRD/344.07/R426r/02-13 | ||
| 100 | _aRepública Dominicana. Ministerio de Educación | ||
| 245 | 0 | _aResolución Administrativa 2-13 | |
| 260 |
_bSanto Domingo _c2013 |
||
| 901 | _a7/9/2016 9:16:35 a.m. | ||
| 999 |
_c9567 _d9567 |
||